MARC details
| 000 -CABECERA |
| campo de control de longitud fija |
01846nam a22003257a 4500 |
| 003 - IDENTIFICADOR DEL NÚMERO DE CONTROL |
| campo de control |
OSt |
| 005 - FECHA Y HORA DE LA ÚLTIMA TRANSACCIÓN |
| campo de control |
20251103152344.0 |
| 008 - DATOS DE LONGITUD FIJA--INFORMACIÓN GENERAL |
| campo de control de longitud fija |
250910b |||||||| |||| 00| 0 eng d |
| 020 ## - NÚMERO INTERNACIONAL ESTÁNDAR DEL LIBRO |
| Número Internacional Estándar del Libro |
0022-2437 |
| 040 ## - FUENTE DE LA CATALOGACIÓN |
| Centro catalogador/agencia de origen |
English |
| Centro/agencia transcriptor |
tbs |
| 041 ## - CÓDIGO DE LENGUA |
| Código de lengua del texto/banda sonora o título independiente |
English |
| 100 ## - ENTRADA PRINCIPAL--NOMBRE DE PERSONA |
| Nombre de persona |
Aaker, Jennifer L. |
| 9 (RLIN) |
26396 |
| 245 ## - MENCIÓN DE TÍTULO |
| Título |
Dimensions of Brand Personality |
| Mención de responsabilidad, etc. |
/ Jennifer L. Aaker |
| 260 ## - PUBLICACIÓN, DISTRIBUCIÓN, ETC. |
| Nombre del editor, distribuidor, etc. |
Journal of Marketing Research |
| Fecha de publicación, distribución, etc. |
1997 |
| 362 ## - FECHAS DE PUBLICACIÓN Y/O DESIGNACIÓN SECUENCIAL |
| Fecha de publicación y/o designación secuencial |
Journal of Marketing Research, 1997 Aug 01. 34(3), 347-356. |
| 520 ## - SUMARIO, ETC. |
| Sumario, etc. |
Although a considerable amount of research in personality psychology has been done to conceptualize human personality, identify the "Big Five" dimensions, and explore the meaning of each dimension, no parallel research has been conducted in consumer behavior on brand personality. Consequently, an understanding of the symbolic use of brands has been limited in the consumer behavior literature. In this research, the author develops a theoretical framework of the brand personality construct by determining the number and nature of dimensions of brand personality (Sincerity, Excitement, Competence, Sophistication, and Ruggedness). To measure the five brand personality dimensions, a reliable, valid, and generalizable measurement scale is created. Finally, theoretical and practical implications regarding the symbolic use of brands are discussed. |
| 600 ## - PUNTO DE ACCESO ADICIONAL DE MATERIA--NOMBRE DE PERSONA |
| Fuente del encabezamiento o término |
Personality traits |
| 9 (RLIN) |
3 |
| 653 ## - TÉRMINO DE INDIZACIÓN--NO CONTROLADO |
| Término no controlado |
Personality traits |
| 653 ## - TÉRMINO DE INDIZACIÓN--NO CONTROLADO |
| Término no controlado |
Personality psychology |
| 653 ## - TÉRMINO DE INDIZACIÓN--NO CONTROLADO |
| Término no controlado |
Brands |
| 653 ## - TÉRMINO DE INDIZACIÓN--NO CONTROLADO |
| Término no controlado |
Factor analysis |
| 653 ## - TÉRMINO DE INDIZACIÓN--NO CONTROLADO |
| Término no controlado |
Honesty |
| 653 ## - TÉRMINO DE INDIZACIÓN--NO CONTROLADO |
| Término no controlado |
Marketing |
| 653 ## - TÉRMINO DE INDIZACIÓN--NO CONTROLADO |
| Término no controlado |
Psychometrics |
| 653 ## - TÉRMINO DE INDIZACIÓN--NO CONTROLADO |
| Término no controlado |
Personality |
| 653 ## - TÉRMINO DE INDIZACIÓN--NO CONTROLADO |
| Término no controlado |
Social psychology |
| 653 ## - TÉRMINO DE INDIZACIÓN--NO CONTROLADO |
| Término no controlado |
Consumer behavior |
| 856 ## - LOCALIZACIÓN Y ACCESO ELECTRÓNICOS |
| Identificador Uniforme del Recurso |
<a href="https://bibliotheque.tbs-education.fr/Default/doc/edsjsr/_b64_ZWRzanNyLjEwLjIzMDcuMzE1MTg5Nw%3d%3d/dimensions-of-brand-personality">https://bibliotheque.tbs-education.fr/Default/doc/edsjsr/_b64_ZWRzanNyLjEwLjIzMDcuMzE1MTg5Nw%3d%3d/dimensions-of-brand-personality</a> |
| 942 ## - ELEMENTOS DE ENTRADA AGREGADA (KOHA) |
| Fuente del sistema de clasificación o colocación |
Clasificación de Library of Congress |